| 000 | 01229cam a22003493a 4500 | ||
|---|---|---|---|
| 001 | 14628112 | ||
| 003 | OSt | ||
| 005 | 20140310184510.0 | ||
| 008 | 061108s2006 nyu j 000 1 eng d | ||
| 010 | _a 2006285481 | ||
| 020 | _a0439847796 | ||
| 020 | _a9780439847797 | ||
| 035 | _a(OCoLC)ocm70583350 | ||
| 040 |
_aIMF _cIMF _dBAKER _dDLC |
||
| 050 | 0 | 0 |
_aPZ 7 _b.K84Re 2006 |
| 100 | 1 | _aKorman, Gordon. | |
| 245 | 1 | 4 |
_aThe rescue / _cGordon Korman. |
| 246 | 1 |
_iAt head of title: _aKidnapped |
|
| 260 |
_aNew York : _bScholastic, _c2006. |
||
| 300 |
_a140 p. ; _c20 cm. |
||
| 440 | 0 |
_aKidnapped ; _vbk. 3 _929176 |
|
| 500 | _a"An Apple paperback." | ||
| 521 | 1 | _aG5 | |
| 526 | _c760 | ||
| 650 | 1 |
_aKidnapping _vFiction. _929177 |
|
| 650 | 1 |
_aBrothers and sisters _vFiction. _929178 |
|
| 856 | 4 | 2 |
_3Publisher description _uhttp://www.loc.gov/catdir/enhancements/fy1116/2006285481-d.html |
| 906 |
_a7 _bcbc _ccopycat _d2 _encip _f20 _gy-gencatlg |
||
| 942 |
_2lcc _cSCH |
||
| 999 |
_c34895 _d34895 |
||